Statistiken für Weltflaggen mit nur zwei Farben

Klicken Sie hier um das Quiz zu spielen!

Allgemein

  • Dieses Quiz wurde 219 mal gespielt
  • Das Durchschnittsergebnis liegt bei 17 aus 38

Antwortstatistiken

Land% Korrekt
Polen
94%
Ukraine
87%
Monaco
76%
Indonesien
74%
Österreich
70%
Schweden
67%
Schweiz
67%
China
63%
Finnland
61%
Japan
61%
Dänemark
60%
Kanada
57%
Lettland
55%
Türkei
50%
Katar
46%
Kasachstan
43%
Pakistan
43%
Griechenland
41%
Tunesien
39%
Saudi-Arabien
38%
Vietnam
38%
Bahrain
37%
Palau
37%
Bangladesch
36%
Albanien
35%
Israel
34%
Marokko
34%
Singapur
34%
Nigeria
33%
Honduras
25%
Georgien
23%
Mazedonien
23%
Somalia
23%
Kirgisistan
18%
Tonga
17%
Mikronesien (Föd St)
12%
Mauretanien
7%
Grönland
5%

Verteilung der Resultate

Perzentil nach korrekt beantworteten Fragen

Anzahl Personen mit jedem Resultat

Ihre Resultats-Entwicklung

Sie haben dieses Quiz noch nicht gespielt